Metodika tvorby znalostně strukturovaných textů /

Hlavní autor: Beránková, Martina, 1978-
Další autoři: Mudrychová, Kristýna, Peták, Michal, 1985-, Horáková, Tereza, Houška, Milan
Jazyk: Čeština
Vydáno: Praha : Česká zemědělská univerzita v Praze, 2021
Vydání: Vydání 1.
Témata:
Fyzický popis: 44 stran : barevné ilustrace ; 21 cm
Knihy
Uloženo v:
LEADER 02056nam a2200541 i 4500
001 nkc20213350563
003 CZ PrNK
005 20220103145046.0
007 ta
008 210907s2021 xr a f 000 0 cze
015 |a cnb003350563 
020 |a 978-80-213-3120-4  |q (brožováno) :  |c neprodejné 
035 |a (OCoLC)1296108002 
040 |a OLA001  |b cze  |d ABA001  |e rda 
072 7 |a 81  |x Lingvistika. Jazyky  |2 Konspekt  |9 11 
080 |a 81'42'373.46  |2 MRF 
080 |a 37.091.64(07)  |2 MRF 
080 |a 005.94  |2 MRF 
080 |a 004.891:004.41  |2 MRF 
080 |a (083.744)  |2 MRF 
100 1 |a Beránková, Martina,  |d 1978-  |7 mzk2004240362  |4 aut 
245 1 0 |a Metodika tvorby znalostně strukturovaných textů /  |c Martina Houšková Beránková, Kristýna Mudrychová, Michal Peták, Tereza Horáková, Milan Houška 
250 |a Vydání 1. 
264 1 |a Praha :  |b Česká zemědělská univerzita v Praze,  |c 2021 
300 |a 44 stran :  |b barevné ilustrace ;  |c 21 cm 
336 |a text  |b txt  |2 rdacontent 
337 |a bez média  |b n  |2 rdamedia 
338 |a svazek  |b nc  |2 rdacarrier 
504 |a Obsahuje bibliografii a bibliografické odkazy 
650 0 7 |a odborné texty  |7 ph123679  |2 czenas 
650 0 7 |a učební texty  |7 ph126976  |2 czenas 
650 0 7 |a znalostní management  |7 ph136832  |2 czenas 
650 0 7 |a znalostní inženýrství  |7 ph127657  |2 czenas 
650 0 9 |a professional texts  |2 eczenas 
650 0 9 |a educational texts  |2 eczenas 
650 0 9 |a knowledge management  |2 eczenas 
650 0 9 |a knowledge engineering  |2 eczenas 
655 7 |a certifikované metodiky  |7 fd806827  |2 czenas 
655 9 |a certified methodology  |2 eczenas 
700 1 |a Mudrychová, Kristýna  |4 aut 
700 1 |a Peták, Michal,  |d 1985-  |7 ola20211130374  |4 aut 
700 1 |a Horáková, Tereza  |7 ola20211130581  |4 aut 
700 1 |a Houška, Milan  |7 mzk2003183181  |4 aut 
910 2 |a BOA001  |b 2-1475.961 
990 |a BK 
995 |a 01 
991 |b 202111  |c NOV 
996 6 |b 2610883672  |c 2-1475.961  |l MZK  |r Sklad / do 1 hodiny  |n 0  |p p.v.  |w 001867658  |u 000010  |a 1  |e BOA001  |j MZK50  |s P